| 000 | 00749nam a2200229 a 4500 | ||
|---|---|---|---|
| 001 | 000044520 | ||
| 005 | 20201002045431.0 | ||
| 008 | 140327s200u dr a r 000 0 spa d | ||
| 040 |
_aDO-SdBNP _bspa _cBNPHU |
||
| 082 |
_a363.73 _bT325c |
||
| 100 | 1 |
_aTerrera Galarza, Francisco _971409 |
|
| 245 | 1 | 0 |
_aContaminación ambiental : _bapuntes químicos / _cF. J. Terrero Galaza. |
| 250 | _a2a. ed. ampliada y revisada | ||
| 260 |
_aSanto Domingo : _bManatí, _c[200-]. |
||
| 300 |
_a139 p. : _bil. ; _c29 cm. |
||
| 504 | _aBibliografía : p. 139 | ||
| 590 | _aInventariado, 2018/BT | ||
| 650 | 4 |
_aContaminación _910807 |
|
| 650 | 4 |
_aDiversidad ecológica _971410 |
|
| 650 | 4 |
_aCalidad ambiental _971411 |
|
| 910 | _aValidado. Control de calidad. MFF | ||
| 999 |
_c44009 _d44009 |
||